| 000 | 00423nam a22001337a 4500 | ||
|---|---|---|---|
| 020 | _qPB. | ||
| 040 | _cFIZZA ISHAQ | ||
| 082 |
_a940.5421 _bSTE |
||
| 100 |
_aAMBROSE,E.STEPHEN. _9132255 |
||
| 245 |
_aCITIZEN SOLDIERS THE U.S.ARMY FROM THE NORMANDY BEACHES TO THE BULGE TO THE SURRENDER OF GERMANY / _cSTEPHEN E.AMBROSE. |
||
| 260 |
_aNEW YORK; _bSIMON & SCHUSTER, _c1997. |
||
| 300 |
_a528 P. ; _c9.1X6IN |
||
| 942 |
_2ddc _cBK |
||
| 999 |
_c615596 _d615596 |
||